000 00961nac a2200241 a 4500
003 Co-PeBPM
005 20241120235136.0
007 ta
008 241120s2013 ck a|||| |||| 00| 0 spa d
020 _a9789586112758
040 _aCo-PeBPM
_bspa
_cCo-PeBPM
_erda
041 _aspa
082 0 4 _a498 E968e
_222
245 1 0 _aExpresión de nociones espaciales en lenguas amazónicas
_c/ editora Ana María Ospina Bozzi
260 _aBogotá, Colombia
_b: Publicaciones del Instituto Caro y Cuervo
_c, 2013
300 _a197 páginas
_bilustraciones en blanco y negro
_c25 centímetros
490 _aPublicaciones del Instituto Caro y Cuervo. Serie coediciones
_v2
500 _aIncluye índice al final del texto
650 1 4 _aLenguas indígenas
_2LEMB
_xEnsayos, conferencias, etc.
_zAmazonas (Región)
650 1 4 _aLenguas índigenas
_2LEMB
_xEnsayos, conferencias, etc.
_zAmérica Latina
650 1 4 _aLingüística antropológica
_2LEMB
942 _2ddc
_cBK
_n0
999 _c60365
_d60365